000
00262nam a2200109Ia 4500
008
200302s9999 xx 000 0 und d
100
_a
Christopher Woodward
245
_a
Skidmore Owings & Merrill
260
_b
Simon and Schuster
260
_c
1970
300
_a
136 P.,
999
_c
89
_d
89